00670nam a2200169 a 450000500170000000800410001702000180005805000230007624500620009926000350016130000170019644000380021350000200025152001960027165000110046765000220047820140412111311.0010326s19uu xx 00 eng d a0-7835-1301-1 aREF 170bC54Mi v.2 aMimi the selfish kitten :ba book about sharing our toys. aAsia :bTime Life Asia,c1997. a29 p. ; ill. aA Child's First Library of Values aw/ casette tape aMimi the kitten is selfish and doesn't like sharing her toys. When her friends run off to play without her, Mimi is left alone. She soon finds out that being selfish is not much fun . . . aValues aSharing - Fiction